Hướng tới một thị trường chứng khoán đầu tiên ở Việt Nam
Gardado en:
| Autor Principal: | |
|---|---|
| Formato: | Libro |
| Idioma: | Undetermined |
| Publicado: |
[ Hà Nội ]
Trung tâm Phát triển ngoại thương và đầu tư
1993
|
| Những chủ đề: | |
| Các nhãn: |
Engadir etiqueta
Sen Etiquetas, Sexa o primeiro en etiquetar este rexistro!
|
| Thư viện lưu trữ: | Trung tâm Học liệu Trường Đại học Cần Thơ |
|---|
| LEADER | 00601nam a2200169Ia 4500 | ||
|---|---|---|---|
| 001 | CTU_23870 | ||
| 008 | 210402s9999 xx 000 0 und d | ||
| 082 | |a 332.642 | ||
| 082 | |b L302 | ||
| 100 | |a Trần, Du Lịch | ||
| 245 | 0 | |a Hướng tới một thị trường chứng khoán đầu tiên ở Việt Nam | |
| 260 | |a [ Hà Nội ] | ||
| 260 | |b Trung tâm Phát triển ngoại thương và đầu tư | ||
| 260 | |c 1993 | ||
| 650 | |a Bank marketing,Stock exchanges | ||
| 904 | |i Phượng, QHieu | ||
| 980 | |a Trung tâm Học liệu Trường Đại học Cần Thơ | ||